| 000 | 00728nam a2200205 i 4500 | ||
|---|---|---|---|
| 001 | 30537 | ||
| 003 | ES-MaACL | ||
| 005 | 20230906154218.0 | ||
| 007 | t| | ||
| 008 | 030124s1951 sp ||||1| spa d | ||
| 100 | 1 |
_aBayle, Constantino. _926670 |
|
| 245 | 1 | 3 |
_aEl culto del Santísimo en Indias / _cpor Constantino Bayle. |
| 260 |
_aMadrid : _bConsejo Superior de Investigaciones Científicas, Instituto Santo Toribio de Mogrovejo, _c1951 ( _fJura) |
||
| 300 |
_a690 p. ; _c22 cm. |
||
| 490 | 1 |
_aMissionalia Hispánica. Serie B ; _v4 |
|
| 710 | 2 |
_aInstituto Santo Toribio de Mogrovejo. _9181352 |
|
| 830 | 0 |
_aMissionalia Hispánica. Serie B ; _v4 _9181353 |
|
| 852 |
_aES-MaACL _jD-5854 _bR.31089 |
||
| 999 |
_c30537 _d30537 |
||